000 004450000a22001690004500
003 MACL
005 20151220122246.0
008 151220b xxu||||| |||| 00| 0 eng d
040 _aMACL
_cMACL
041 _aEnglish
082 _a618/HOW
100 _aHowkins, John
_921553
245 _aShaw's textbook of Gynaecology
260 _bThe English Language Book Society
_c1975
_aLondon
650 _aGynaecology
_921554
942 _cBK
_k618/HOW
_2ddc
999 _c40844
_d40844